00625cam a2200181 a 4500020001500000082001500015100001400030245003700044260003800081300002000119490001000139500006700149500015800216650001100374650001500385700001900400700002400419 a080311454000a666.94 CAR aCarbonate00aCarbonate additions to cement /r aPhiladelphia, PA :bASTM,cc1990. a81 p. :bill. ;1 aSTP ; a"ASTM publication code number (PCN) 04-010640-07"--T.p. verso. a"The Symposium on Carbonate Additions to Cement was held in Baltimore, Maryland on 29 June 1988 ... sponsored by ASTM Committee C-1 on Cement"--Foreword. 0aCement 0aCarbonates1 aKlieger, Paul.1 aHooton, R. Douglas,